[Event "ch-FRA Blitz Online Qual"]
[Site "Europe-Chess INT"]
[Date "2020.05.16"]
[Round "14"]
[White "Nicot, Valentin"]
[Black "Quartararo, Pierre"]
[Result "0-1"]
[WhiteElo "1041"]
[BlackElo "1909"]
[WhiteFideId "651002477"]
[BlackFideId "614491"]
[EventDate "2020.05.16"]

1. e4 c5 2. Nf3 d6 3. d4 cxd4 4. Nxd4 Nf6 5. Nc3 a6 6. Be2 Qc7 7. O-O e6 8. Bg5
Be7 9. f4 h6 10. Bh4 Nc6 11. f5 Nxd4 12. Qxd4 d5 13. fxe6 Bc5 14. exf7+ Kf8 15.
Bxf6 gxf6 16. Nxd5 Bxd4+ 17. Kh1 Qxc2 18. Bf3 Bd7 19. Rac1 Qxb2 20. Rb1 Qxa2 21.
Rxb7 Bc6 22. Re7 Qc4 23. Re1 Bxd5 24. exd5 Rg8 25. Re8+ Kg7 26. Rxg8+ Rxg8 27.
fxg8=Q+ Kxg8 28. Re8+ Kf7 29. Bh5+ Kg7 30. Re7+ Kf8 31. Rf7+ Kg8 32. h3 Qc1+ 33.
Kh2 Qf4+ 34. g3 Qf2+ 35. Kh1 Qg1# 0-1

[Event "ch-FRA Blitz Online Qual"]
[Site "Europe-Chess INT"]
[Date "2020.05.16"]
[Round "14"]
[White "Leonardy, Batiste"]
[Black "Bellahcene, Sofia"]
[Result "1-0"]
[WhiteElo "1177"]
[BlackElo "1948"]
[WhiteFideId "36062880"]
[BlackFideId "26075954"]
[EventDate "2020.05.16"]

1. e4 c5 2. Nf3 Nc6 3. d4 cxd4 4. Nxd4 g6 5. Nc3 Bg7 6. Be3 Nf6 7. Bc4 O-O 8. f3
Qb6 9. Bb3 Nxe4 10. Nd5 Qa5+ 11. c3 Nxd4 12. Nxe7+ Kh8 13. Bxd4 Nf6 14. O-O Re8
15. Nxc8 Raxc8 16. Bxf7 Rf8 17. Bb3 Qh5 18. Bxa7 d5 19. Bd4 h6 20. f4 Ng4 21.
Bxg7+ Kxg7 22. Qd4+ Kh7 23. h3 Nf6 24. Rae1 Rc7 25. Re5 Qh4 26. Bxd5 Rd7 27. Qb4
Rfd8 28. Re7+ Kh8 29. Rxd7 Rxd7 30. Qf8+ Kh7 31. f5 Rxd5 32. Qf7+ Kh8 33. fxg6
Rd7 34. g7+ Kh7 35. g8=Q# 1-0

[Event "ch-FRA Blitz Online Qual"]
[Site "Europe-Chess INT"]
[Date "2020.05.16"]
[Round "14"]
[White "Dumas, Charles"]
[Black "Ciarletta, Iris"]
[Result "0-1"]
[WhiteElo "2284"]
[BlackElo "1493"]
[WhiteFideId "675733"]
[BlackFideId "45133263"]
[EventDate "2020.05.16"]

1. e4 c5 2. Nf3 d6 3. Bb5+ Nc6 4. O-O g6 5. Re1 Bg7 6. c3 Bg4 7. h3 Bxf3 8. Qxf3
Nf6 9. d4 cxd4 10. cxd4 O-O 11. Be3 a6 12. Bf1 Nb4 13. Na3 Nd7 14. Rac1 Nc6 15.
Red1 Rc8 16. Nb1 Nxd4 17. Bxd4 Rxc1 18. Bxg7 Rxd1 19. Qxd1 Kxg7 20. Qd4+ Nf6 21.
Nc3 Qa5 22. Bc4 Qe5 23. Qe3 b5 24. Bb3 Rc8 25. f4 Qc5 0-1

[Event "ch-FRA Blitz Online Qual"]
[Site "Europe-Chess INT"]
[Date "2020.05.16"]
[Round "14"]
[White "Galhaud, Jean-Philippe"]
[Black "Durand-Le Ludec, Brendan-Budok"]
[Result "0-1"]
[WhiteElo "1749"]
[BlackElo "2205"]
[WhiteFideId "26001349"]
[BlackFideId "26064340"]
[EventDate "2020.05.16"]

1. e4 e6 2. d4 d5 3. Nd2 Nc6 4. c3 Nf6 5. e5 Nd7 6. Bd3 f6 7. exf6 Qxf6 8. Ne2
Bd6 9. O-O O-O 10. Nf3 e5 11. dxe5 Ndxe5 12. Nxe5 Nxe5 13. Be3 Nxd3 14. Qxd3 c6
15. Rae1 Bf5 16. Qd2 Rae8 17. Bf4 Bc5 18. Nd4 Be4 19. Bg3 Qg6 20. b4 Bb6 21. a4
a5 22. b5 h5 23. f3 Bd3 24. Rxe8 Rxe8 25. Re1 Rxe1+ 26. Qxe1 cxb5 27. axb5 Bxb5
28. Bf2 Bc4 29. Qe6+ Qxe6 30. Nxe6 Bxf2+ 31. Kxf2 a4 32. Nd4 a3 33. Nc2 a2 34.
Na1 Kf7 35. Ke3 Ke6 36. Kd4 g5 37. g3 h4 38. g4 Be2 39. Ke3 Bd1 40. Kd2 Bxf3 41.
h3 Bg2 42. Nc2 Bxh3 43. Nd4+ Ke5 44. Nb3 Bxg4 45. Kc2 Bf3 46. Kb2 h3 47. Kxa2 h2
48. Nd2 h1=Q 0-1

[Event "ch-FRA Blitz Online Qual"]
[Site "Europe-Chess INT"]
[Date "2020.05.16"]
[Round "14"]
[White "Levy, Kevin"]
[Black "Delabarre, Olivier"]
[Result "1-0"]
[WhiteElo "1740"]
[BlackElo "1997"]
[WhiteFideId "45128588"]
[BlackFideId "632481"]
[EventDate "2020.05.16"]

1. e4 c5 2. d4 cxd4 3. c3 dxc3 4. Nxc3 e6 5. Nf3 a6 6. Bc4 Nc6 7. O-O Nge7 8.
Bg5 f6 9. Be3 b5 10. Bb3 Bb7 11. Qe2 Ng6 12. Rfd1 Be7 13. Bxe6 Nce5 14. Nxe5
Nxe5 15. f4 Nc4 16. Bxd7+ Kf7 17. Bxb5 Nxe3 18. Rxd8 Rhxd8 19. Ba4 Rac8 20. Kh1
Bc5 21. Bb3+ Kf8 22. Nd5 Nxd5 23. exd5 Bxd5 24. Bxd5 Rxd5 25. Qxa6 Rcd8 26. g3
h5 27. Qc6 h4 28. a3 h3 29. Rf1 Kg8 30. Qe6+ Kf8 31. Qxh3 Rd1 32. Rxd1 Rxd1+ 33.
Kg2 Rg1+ 34. Kf3 Rc1 35. Qc8+ Kf7 36. Qd7+ Kg6 37. f5+ Kh7 38. b4 Rf1+ 39. Ke2
Rf2+ 40. Kd3 Bb6 41. Kc4 1-0

[Event "ch-FRA Blitz Online Qual"]
[Site "Europe-Chess INT"]
[Date "2020.05.16"]
[Round "14"]
[White "Vanlerberghe, Luc"]
[Black "Quere, Alexandre"]
[Result "1-0"]
[WhiteElo "1727"]
[BlackElo "2022"]
[WhiteFideId "671908"]
[BlackFideId "631086"]
[EventDate "2020.05.16"]

1. e4 c5 2. Nf3 Nc6 3. c3 Nf6 4. e5 Nd5 5. Bc4 Nb6 6. Bb3 d5 7. d4 cxd4 8. cxd4
Bg4 9. Be3 e6 10. O-O Be7 11. Nc3 O-O 12. a3 Na5 13. Bc2 Nac4 14. b3 Nxe3 15.
fxe3 Rc8 16. Qd3 Bf5 17. Qd2 Bxc2 18. Qxc2 Rc6 19. Qd2 a6 20. b4 Qc7 21. Rac1
Rc8 22. Ne2 Rc2 23. Rxc2 Qxc2 24. Rc1 Qxd2 25. Nxd2 Nc4 26. Nxc4 dxc4 27. Kf2 a5
28. bxa5 Bxa3 29. Rb1 c3 30. Rxb7 c2 31. a6 c1=Q 32. Nxc1 Bxc1 33. a7 1-0

[Event "ch-FRA Blitz Online Qual"]
[Site "Europe-Chess INT"]
[Date "2020.05.16"]
[Round "14"]
[White "Dubois, Herve"]
[Black "Courbi, Stephane"]
[Result "1/2-1/2"]
[WhiteElo "1836"]
[BlackElo "1955"]
[WhiteFideId "636460"]
[BlackFideId "647462"]
[EventDate "2020.05.16"]

1. c4 Nf6 2. Nf3 e6 3. g3 d5 4. Bg2 Be7 5. O-O O-O 6. b3 d4 7. Bb2 c5 8. d3 Nc6
9. Nbd2 Re8 10. Ng5 e5 11. Nge4 Nxe4 12. Nxe4 f5 13. Nd2 Bf6 14. Nf3 e4 15. dxe4
fxe4 16. Ne1 Bf5 17. a3 a5 18. h3 Qd7 19. g4 Bg6 20. f4 exf3 21. Nxf3 Be4 22.
Qd2 Rad8 23. Rad1 h6 24. Qf4 Bc2 25. Rc1 Rxe2 26. g5 hxg5 27. Nxg5 Bg6 28. Bd5+
Kf8 29. Ba1 Re5 30. Nf3 Rxd5 31. cxd5 Qxd5 32. Rce1 Kg8 33. h4 Rf8 34. Ng5 Be7
35. Qc7 Bxg5 36. Rxf8+ Kxf8 37. hxg5 Qxg5+ 38. Kf2 Qh4+ 39. Qg3 Qxg3+ 40. Kxg3
Bf7 41. Rf1 Kg8 42. b4 axb4 43. axb4 Nxb4 44. Rb1 Bd5 45. Bxd4 cxd4 46. Rxb4 d3
47. Rd4 Bc6 48. Rxd3 Kf7 49. Kf4 Ke6 50. Rg3 Kf6 51. Rc3 g6 52. Kg4 Be4 53. Rb3
Ke5 54. Kg5 Kd4 55. Rb4+ Ke3 56. Rxb7 Bxb7 57. Kxg6 1/2-1/2

[Event "ch-FRA Blitz Online Qual"]
[Site "Europe-Chess INT"]
[Date "2020.05.16"]
[Round "14"]
[White "Rapaire, Jean-Michel"]
[Black "Zanin, Dario"]
[Result "1-0"]
[WhiteElo "1742"]
[BlackElo "1918"]
[WhiteFideId "5400023"]
[BlackFideId "615919"]
[EventDate "2020.05.16"]

1. e4 e5 2. Nf3 Nc6 3. Bb5 a6 4. Bxc6 dxc6 5. d4 exd4 6. Qxd4 Qxd4 7. Nxd4 Nf6
8. f3 Bc5 9. Be3 O-O 10. c3 Bb6 11. Nd2 h6 12. N2b3 a5 13. Kf2 a4 14. Nd2 Rd8
15. Rhd1 Be6 16. a3 Kf8 17. Nxe6+ fxe6 18. Bxb6 cxb6 19. Nc4 b5 20. Ne3 Ke7 21.
Rxd8 Rxd8 22. Rd1 Rxd1 23. Nxd1 Kd6 24. Ne3 Kc5 25. Ke2 Nd7 26. f4 Nb6 27. Kd3
Kd6 28. g4 c5 29. h4 Nd7 30. e5+ Ke7 31. Ke4 Nb8 32. f5 exf5+ 33. gxf5 Nc6 34.
Nd5+ Kd8 35. h5 Kd7 36. f6 gxf6 37. Nxf6+ Ke6 38. Ng4 b4 39. Nxh6 Nxe5 40. Nf5
b5 41. h6 Ng6 42. h7 bxc3 43. bxc3 b4 44. cxb4 cxb4 45. Nd4+ Kd7 46. axb4 a3 47.
Nc2 a2 48. Kd3 Kc6 49. Kc3 Kb5 50. Kb2 a1=Q+ 51. Kxa1 Kc4 52. Kb2 Nh8 53. Ka3
Kc3 54. Ka4 Kxc2 55. Ka5 Nf7 56. b5 Kc3 57. Ka6 Kc4 58. b6 Kc5 59. b7 1-0

[Event "ch-FRA Blitz Online Qual"]
[Site "Europe-Chess INT"]
[Date "2020.05.16"]
[Round "14"]
[White "Casas, Alexandre"]
[Black "Mallevaey, Armand"]
[Result "1-0"]
[WhiteElo "1933"]
[BlackElo "1773"]
[WhiteFideId "45173451"]
[BlackFideId "36041424"]
[EventDate "2020.05.16"]

1. d4 d5 2. c4 c6 3. Nc3 Nf6 4. Qc2 g6 5. cxd5 cxd5 6. Nf3 Nc6 7. Bg5 Bg7 8. e3
Bf5 9. Qb3 Qc8 10. Bxf6 Bxf6 11. Nxd5 O-O 12. Nxf6+ exf6 13. Be2 Qd7 14. O-O Be4
15. Rfc1 a6 16. Qb6 Rfe8 17. h3 Re6 18. Qc5 Rc8 19. b4 Ree8 20. Qb6 Re6 21. a4
Kg7 22. Bc4 Rd6 23. b5 Ne5 24. Nxe5 fxe5 25. Qa5 exd4 26. exd4 Rxd4 27. Bf1 Rxc1
28. Rxc1 axb5 29. axb5 Qd5 30. Qc3 Kg8 31. f3 Bd3 32. Rd1 Bxf1 33. Rxd4 Qe6 34.
Rd8+ Qe8 35. Rxe8# 1-0

[Event "ch-FRA Blitz Online Qual"]
[Site "Europe-Chess INT"]
[Date "2020.05.16"]
[Round "14"]
[White "Akopian, Edwin"]
[Black "Cocogne, Ludovic"]
[Result "1-0"]
[WhiteElo "1706"]
[BlackElo "1924"]
[WhiteFideId "36068357"]
[BlackFideId "644536"]
[EventDate "2020.05.16"]

1. d4 Nf6 2. c4 c5 3. d5 e6 4. Nc3 exd5 5. cxd5 d6 6. e4 g6 7. Nf3 Bg7 8. Bf4
O-O 9. h3 a6 10. a4 Nbd7 11. Be2 Nb8 12. Nd2 Ne8 13. O-O Nd7 14. Nc4 Ne5 15.
Nxe5 dxe5 16. Be3 b6 17. a5 Nd6 18. axb6 Qxb6 19. Na4 Qd8 20. Bxc5 Re8 21. f3 f5
22. Nb6 Rb8 23. Bxa6 Bxa6 24. Rxa6 fxe4 25. fxe4 Nxe4 26. Be3 Qd6 27. Qc2 Nf6
28. Qc6 Qxc6 29. dxc6 Ne4 30. c7 Rbc8 31. Nxc8 Rxc8 32. Rc6 Bf8 33. Rd1 Nf6 34.
Rxf6 Kg7 35. Rc6 Bb4 36. Rd8 1-0

[Event "ch-FRA Blitz Online Qual"]
[Site "Europe-Chess INT"]
[Date "2020.05.16"]
[Round "14"]
[White "Mecili, Nabil"]
[Black "Belattar, Salah-Eddine"]
[Result "0-1"]
[WhiteElo "1688"]
[BlackElo "1886"]
[WhiteFideId "618420"]
[BlackFideId "9001468"]
[EventDate "2020.05.16"]

1. e4 c5 2. Nf3 Nc6 3. d4 cxd4 4. Nxd4 e5 5. Nb5 d6 6. N1c3 a6 7. Na3 b5 8. Nd5
Nge7 9. c3 Nxd5 10. exd5 Ne7 11. Nc2 Bb7 12. Ne3 Ng6 13. g3 Be7 14. Bg2 O-O 15.
O-O f5 16. Qc2 f4 17. Nf5 Qe8 18. Be4 Rc8 19. a3 Qf7 20. Bd2 Bxd5 21. Nxe7+ Nxe7
22. Bxh7+ Kh8 23. Be4 f3 24. Be3 Qh5 25. Bxd5 Nxd5 26. Qe4 Nxe3 27. fxe3 f2+ 28.
Kg2 Rc4 29. g4 Qh4 30. Qd5 Rxg4+ 31. Kh1 e4 32. Qxd6 Qh3 0-1

[Event "ch-FRA Blitz Online Qual"]
[Site "Europe-Chess INT"]
[Date "2020.05.16"]
[Round "14"]
[White "Buffin, Jean"]
[Black "Bernard, Louis"]
[Result "1-0"]
[WhiteElo "1711"]
[BlackElo "1993"]
[WhiteFideId "20699751"]
[BlackFideId "36075191"]
[EventDate "2020.05.16"]

1. d4 d5 2. c4 e6 3. Nc3 Be7 4. Nf3 Nf6 5. cxd5 exd5 6. Bg5 c6 7. e3 Nbd7 8. Bd3
Ne4 9. Bf4 Ndf6 10. O-O O-O 11. Qc2 Bf5 12. Nh4 Nxc3 13. Nxf5 Nce4 14. f3 Nd6
15. Nxe7+ Qxe7 16. Be5 h6 17. a3 Nd7 18. Bxd6 Qxd6 19. Rad1 Rac8 20. e4 dxe4 21.
Bxe4 Nf6 22. Rfe1 Rfd8 23. Qb3 Rc7 24. Qc2 Re7 25. b4 Qc7 26. Qc5 Red7 27. a4
Qb6 28. Qxb6 axb6 29. a5 bxa5 30. bxa5 Rxd4 31. Rb1 R4d7 32. Rb6 Rc7 33. Reb1
Rb8 34. Bxc6 Kh7 35. Rxb7 Rcxb7 36. Bxb7 Ra8 37. a6 Ra7 38. Rc1 Nd7 39. Rc7 Nc5
40. Rxf7 Nxa6 41. Be4+ Kg8 42. Rxa7 1-0

[Event "ch-FRA Blitz Online Qual"]
[Site "Europe-Chess INT"]
[Date "2020.05.16"]
[Round "14"]
[White "Tulliez, Andre"]
[Black "Gerandi, Guillaume"]
[Result "0-1"]
[WhiteElo "1777"]
[BlackElo "1876"]
[WhiteFideId "45107181"]
[BlackFideId "20648359"]
[EventDate "2020.05.16"]

1. e4 c5 2. Nf3 Nc6 3. d4 cxd4 4. Nxd4 g6 5. c4 Nf6 6. Be3 Nxe4 7. Bd3 Nf6 8.
O-O Bg7 9. Nc3 O-O 10. Nde2 d6 11. a3 Ne5 12. f4 Nxd3 13. Qxd3 Be6 14. h3 Rc8
15. b3 Bf5 16. Qd2 a6 17. Nd4 Bd7 18. f5 Bc6 19. Bh6 Qb6 20. Kh1 Bxh6 21. Qxh6
Qxd4 22. fxg6 fxg6 23. Ne2 Qe4 24. Nf4 e5 25. Rae1 Qc2 26. Re2 Qf5 27. Ref2 exf4
28. Rxf4 Qc2 29. R4f2 Qxb3 30. Rxf6 Rxf6 31. Rxf6 Qc2 32. Qg5 Re8 33. Rxd6 Qe4
34. Rd1 Qxc4 35. h4 Qe4 36. h5 b5 37. h6 Qf5 38. Qg3 Qh5+ 39. Kg1 Qxd1+ 40. Kh2
Qh5+ 41. Kg1 Rd8 42. Qb3+ Qd5 43. Qg3 Qd4+ 44. Kh2 Qd5 45. Qc3 Qh5+ 46. Kg1 Rd1+
47. Kf2 Qf5+ 48. Kg3 Rd3+ 0-1

[Event "ch-FRA Blitz Online Qual"]
[Site "Europe-Chess INT"]
[Date "2020.05.16"]
[Round "14"]
[White "Ludwiczak, Virginie"]
[Black "Sere, Nicolas"]
[Result "1-0"]
[WhiteElo "1875"]
[BlackElo "1753"]
[WhiteFideId "20655592"]
[BlackFideId "36014320"]
[EventDate "2020.05.16"]

1. c4 e5 2. Nc3 Nf6 3. g3 d5 4. cxd5 Nxd5 5. Bg2 Nb6 6. d3 Nc6 7. Nf3 Be7 8. O-O
O-O 9. Rb1 Be6 10. a3 a5 11. Be3 f6 12. Ne4 Nd4 13. Bxd4 exd4 14. Rc1 c6 15. Qc2
Qd7 16. Nc5 Bxc5 17. Qxc5 Qc7 18. Nxd4 Bf7 19. Nb5 Qd8 20. Nd6 Qc7 21. Nxf7 Rxf7
22. b3 Re7 23. e3 a4 24. b4 Rd8 25. Rfd1 Nd7 26. Qc4+ Kh8 27. d4 Nb6 28. Qc2 Qd7
29. Qe2 f5 30. Qd3 g6 31. Rc5 Nd5 32. Bxd5 cxd5 33. Rdc1 Qd6 34. Qb5 Qd7 35.
Qxd7 Rexd7 36. b5 b6 37. Rc6 Rd6 38. Kf1 Kg7 39. Ke2 Kf6 40. f3 Ke6 41. Kd3 Kd7
42. Rc7+ Ke6 43. Rxh7 R8d7 44. Rxd7 Rxd7 45. Rc6+ Ke7 1-0

[Event "ch-FRA Blitz Online Qual"]
[Site "Europe-Chess INT"]
[Date "2020.05.16"]
[Round "14"]
[White "Auder, Benjamin"]
[Black "Billot, Daniel"]
[Result "1-0"]
[WhiteElo "1934"]
[BlackElo "1679"]
[WhiteFideId "635065"]
[BlackFideId "618004"]
[EventDate "2020.05.16"]

1. c4 Nf6 2. Nc3 c5 3. g3 g6 4. Bg2 Bg7 5. e3 O-O 6. Nge2 d6 7. O-O Nc6 8. d4
cxd4 9. exd4 Bg4 10. h3 Bxe2 11. Nxe2 Qb6 12. b3 Nd7 13. Be3 Rfd8 14. d5 Ncb8
15. Bxb6 1-0

[Event "ch-FRA Blitz Online Qual"]
[Site "Europe-Chess INT"]
[Date "2020.05.16"]
[Round "14"]
[White "Martinez, Felicien"]
[Black "Gauthier, Laurent2"]
[Result "1-0"]
[WhiteElo "1867"]
[BlackElo "1704"]
[WhiteFideId "45141207"]
[BlackFideId "676810"]
[EventDate "2020.05.16"]

1. c4 c5 2. g3 Nf6 3. Bg2 e6 4. Nf3 Nc6 5. O-O d5 6. cxd5 exd5 7. d4 c4 8. b3 b5
9. bxc4 bxc4 10. Ba3 Bxa3 11. Nxa3 O-O 12. Nc2 Bf5 13. Ne3 Bg6 14. Ne5 Qc7 15.
Nxg6 hxg6 16. Nxd5 Nxd5 17. Bxd5 Rad8 18. Bxc6 Qxc6 19. e3 Rc8 20. Qc2 Qa6 21.
Rfc1 Rfd8 22. Qc3 Rd6 23. a4 Rb6 24. Ra3 Qb7 25. a5 Rb1 26. Ra4 Rxc1+ 27. Qxc1
Qb3 28. Ra1 c3 29. Rb1 Qa4 30. Ra1 Qb4 31. Qc2 Qb2 32. Rc1 Qb4 33. Qa2 Rb8 34.
h4 Rb5 35. a6 Rb6 36. Qa1 Qb2 37. Qxb2 cxb2 38. Rb1 Rxa6 39. Rxb2 Ra1+ 40. Kg2
a5 41. Rb8+ Kh7 42. Ra8 f6 43. d5 a4 44. Kf3 a3 45. Ke4 a2 46. g4 g5 47. hxg5
fxg5 48. Ke5 Kg6 49. Ke6 Kh6 50. d6 Rd1 51. Rxa2 Rd3 52. Ra8 Kg6 53. d7 Rd2 54.
d8=Q Rxf2 55. Qe8+ Kh6 56. Qh8+ Kg6 57. Qh5# 1-0

[Event "ch-FRA Blitz Online Qual"]
[Site "Europe-Chess INT"]
[Date "2020.05.16"]
[Round "14"]
[White "Menoux, Joachim"]
[Black "Rahnama, Matin"]
[Result "1-0"]
[WhiteElo "1627"]
[BlackElo "1754"]
[WhiteFideId "36066206"]
[BlackFideId "45146039"]
[EventDate "2020.05.16"]

1. d4 Nf6 2. c4 e6 3. Nc3 d5 4. Bg5 Bb4 5. a3 Bxc3+ 6. bxc3 dxc4 7. e3 b5 8. a4
c6 9. axb5 cxb5 10. Qf3 Nc6 11. Qxc6+ Bd7 12. Qf3 O-O 13. Bxf6 gxf6 14. Qg3+ Kh8
15. Nf3 Rg8 16. Qd6 a5 17. g3 Qc8 18. Bg2 Ra6 19. Qe7 Kg7 20. h4 Re8 21. Qa3 Bc6
22. O-O e5 23. dxe5 fxe5 24. Qc5 Qg4 25. Nxe5 Qf5 26. Bxc6 Rxe5 27. Qd4 f6 28.
Qd7+ Qxd7 29. Bxd7 Rd6 30. Bc8 b4 31. cxb4 axb4 32. Rfc1 Rc6 33. Bd7 Rc7 34. Bh3
b3 35. Rab1 Rb5 36. Be6 Rb4 37. Kg2 b2 38. Rxc4 Rcxc4 39. Bxc4 Rxc4 40. Rxb2 Kg6
41. Rb5 Rc2 42. g4 h6 43. h5+ Kf7 44. Rb7+ Kg8 45. Kg3 Rc4 46. f3 Ra4 47. e4 Ra5
48. Kf4 Re5 49. Rd7 Rg5 50. Rd5 Rg7 51. Kf5 Rf7 52. Kg6 Rg7+ 53. Kxh6 f5 54.
Rd8+ Kf7 55. Rd7+ Kf6 56. Rxg7 fxe4 57. fxe4 Ke5 58. Re7+ Kf4 59. g5 Kg4 60. g6
Kh4 61. g7 Kh3 62. g8=Q Kh4 63. Rf7 Kh3 64. Rf1 Kh2 65. Qg5 1-0

[Event "ch-FRA Blitz Online Qual"]
[Site "Europe-Chess INT"]
[Date "2020.05.16"]
[Round "14"]
[White "Vallee, Louis"]
[Black "Farthouat, Titoine"]
[Result "0-1"]
[WhiteElo "1864"]
[BlackElo "1652"]
[WhiteFideId "45103291"]
[BlackFideId "36015660"]
[EventDate "2020.05.16"]

1. d4 Nf6 2. c4 e6 3. a3 d5 4. Nc3 c5 5. e3 cxd4 6. exd4 Be7 7. Nf3 O-O 8. Bf4
Bd6 9. Bxd6 Qxd6 10. c5 Qe7 11. Bd3 Nc6 12. O-O Re8 13. b4 e5 14. dxe5 Nxe5 15.
Nxe5 Qxe5 16. Re1 Qxc3 17. Rxe8+ Nxe8 18. Rc1 Qe5 19. Qd2 Bf5 20. Re1 Qf6 21.
Qe2 h6 22. Bxf5 Qxf5 23. Qe7 Qc8 24. h4 b6 25. Rc1 bxc5 26. Rxc5 Qd8 27. Qb7 Nf6
28. Rc7 Qe8 29. Qa6 Qe1+ 30. Kh2 Qe5+ 31. g3 Qxc7 32. Qd3 Qc4 33. Qf5 Re8 34. h5
Qe4 35. Qh3 Ng4+ 36. Kg1 Qe1+ 37. Qf1 Qxf1+ 38. Kxf1 d4 39. f3 d3 40. fxg4 d2
41. Kf2 d1=Q 42. g5 Qe2+ 43. Kg1 Qe1+ 44. Kg2 Re2+ 45. Kh3 Qh1+ 46. Kg4 Re4+ 47.
Kf5 Qf3# 0-1

[Event "ch-FRA Blitz Online Qual"]
[Site "Europe-Chess INT"]
[Date "2020.05.16"]
[Round "14"]
[White "Tuillier, Valentin"]
[Black "Dijoux, Julien"]
[Result "0-1"]
[WhiteElo "1607"]
[BlackElo "1862"]
[WhiteFideId "36020800"]
[BlackFideId "666483"]
[EventDate "2020.05.16"]

1. e4 Nf6 2. Nc3 d5 3. exd5 Nxd5 4. Nxd5 Qxd5 5. d4 Bf5 6. Nf3 e6 7. c4 Qd8 8.
Be2 h6 9. a3 Be7 10. O-O c6 11. Bf4 O-O 12. Ne5 Nd7 13. Rc1 Bf6 14. Qb3 Bxe5 15.
Bxe5 Nxe5 16. dxe5 Qc7 17. Qc3 Rfd8 18. Rfd1 Rxd1+ 19. Rxd1 Rd8 20. Rd4 c5 21.
Rd2 Rxd2 22. Qxd2 Qxe5 23. Bf3 b6 24. h3 Kh7 25. b4 Qa1+ 26. Kh2 Qxa3 27. bxc5
Qxc5 28. Qa2 a5 29. g4 Bd3 30. Qb2 Bxc4 31. Qc2+ g6 32. Kg3 Bd5 33. Be2 Qxc2 0-1

[Event "ch-FRA Blitz Online Qual"]
[Site "Europe-Chess INT"]
[Date "2020.05.16"]
[Round "14"]
[White "Le Bas, Alexis"]
[Black "Vasselin, Louis"]
[Result "1-0"]
[WhiteElo "1889"]
[BlackElo "1590"]
[WhiteFideId "651087"]
[BlackFideId "36070238"]
[EventDate "2020.05.16"]

1. e4 e6 2. d4 d5 3. Nc3 dxe4 4. Nxe4 Nd7 5. Bd3 Ngf6 6. Bg5 Be7 7. Bxf6 Bxf6 8.
c3 b6 9. f4 Bb7 10. Nf3 O-O 11. O-O g6 12. Qe2 Bg7 13. Rad1 Rc8 14. Rfe1 Nf6 15.
Neg5 Qe7 16. f5 h6 17. Nh3 g5 18. fxe6 fxe6 19. Ne5 c5 20. Ng6 Qf7 21. Nxf8 Rxf8
22. dxc5 bxc5 23. Rf1 Re8 24. Nf2 Qc7 25. Bc4 Kf7 26. Ng4 Qc6 27. Rd7+ Kg8 28.
Nxf6+ Bxf6 29. Rxb7 Qxb7 30. Rxf6 Qd7 31. Bxe6+ Rxe6 32. Qxe6+ Qxe6 1-0

[Event "ch-FRA Blitz Online Qual"]
[Site "Europe-Chess INT"]
[Date "2020.05.16"]
[Round "14"]
[White "Meillon, Judicael"]
[Black "Douchez, Tony"]
[Result "0-1"]
[WhiteElo "2063"]
[BlackElo "1630"]
[WhiteFideId "36044288"]
[BlackFideId "36087785"]
[EventDate "2020.05.16"]

1. e4 e5 2. f4 exf4 3. Nf3 Ne7 4. d4 d5 5. Nc3 dxe4 6. Nxe4 Ng6 7. Bd3 Nc6 8.
O-O Bd6 9. Nxd6+ Qxd6 10. Re1+ Be6 11. c3 O-O 12. Qd2 Bg4 13. Bxg6 fxg6 14. Ne5
Nxe5 15. Rxe5 Rae8 16. Rxe8 Rxe8 17. h3 Bf5 18. Qxf4 Re1+ 19. Kf2 Qxf4+ 20. Bxf4
Rxa1 21. g4 Bd7 22. Ke2 Rxa2 23. Bc1 h5 24. gxh5 gxh5 25. h4 a5 26. Kd3 Ra1 27.
Kc2 Rxc1+ 28. Kxc1 g5 29. Kd2 gxh4 30. Ke3 Kf7 31. Kf4 Ke6 32. c4 Kd6 33. Ke4 h3
34. Kf3 h4 35. Kf2 c5 36. d5 Bf5 37. Kf1 Bd3+ 38. Kg1 Bxc4 39. b4 a4 40. Kf2 a3
41. Ke3 cxb4 42. Kd4 Bxd5 43. Ke3 h2 44. Kd4 h1=Q 45. Kd3 Qe4+ 46. Kd2 Bc4 47.
Kd1 Bb3+ 48. Kd2 Qc2+ 49. Ke3 Ba2 50. Kf4 b3 51. Ke3 h3 52. Kf4 h2 53. Kg3 h1=Q
54. Kf4 Qe1 55. Kg4 Qg2+ 56. Kf4 Qgf2+ 57. Kg4 Qeg1+ 58. Kh3 Qfh2# 0-1

[Event "ch-FRA Blitz Online Qual"]
[Site "Europe-Chess INT"]
[Date "2020.05.16"]
[Round "14"]
[White "Jacquot, David"]
[Black "Delabre, Gaspard"]
[Result "1-0"]
[WhiteElo "1830"]
[BlackElo "1449"]
[WhiteFideId "20624093"]
[BlackFideId "36076627"]
[EventDate "2020.05.16"]

1. d4 d6 2. Nf3 Nf6 3. Bg5 c6 4. Nbd2 Bf5 5. e3 Nbd7 6. c3 e5 7. h3 Be7 8. g4
Bg6 9. Bg2 e4 10. Nh4 d5 11. Bf4 O-O 12. Nxg6 fxg6 13. Qe2 Nb6 14. O-O-O a5 15.
h4 Qd7 16. Bh3 Qd8 17. h5 a4 18. hxg6 hxg6 19. g5 Nh5 20. Be6+ Kh8 21. Rxh5+
gxh5 22. Qxh5# 1-0

[Event "ch-FRA Blitz Online Qual"]
[Site "Europe-Chess INT"]
[Date "2020.05.16"]
[Round "14"]
[White "Geronimi, Jean-Thomas"]
[Black "Ernst, Luca"]
[Result "1-0"]
[WhiteElo "1827"]
[BlackElo "1660"]
[WhiteFideId "36098515"]
[BlackFideId "45117055"]
[EventDate "2020.05.16"]

1. e4 c5 2. Nf3 Nc6 3. d4 cxd4 4. Nxd4 e5 5. Nb5 d6 6. N1c3 a6 7. Na3 b5 8. Nd5
Nge7 9. Bg5 h6 10. Bxb5 axb5 11. Nxb5 Qa5+ 12. b4 Nxb4 13. Ndc7+ Kd8 14. Bxe7+
Bxe7 15. c3 Nc6 16. Nxa8 Qxb5 17. Qb3 Qxb3 18. axb3 Be6 19. Nb6 Kc7 20. Nd5+
Bxd5 21. exd5 Nb8 22. O-O Nd7 23. b4 Rc8 24. Rfd1 Kd8 25. Ra3 Nb6 26. Rb3 Nc4
27. b5 Kc7 28. Rb4 Kb7 29. Rb3 f5 30. Kf1 Bf6 31. Ke2 g5 32. b6 Bd8 33. Ra1 Bxb6
34. Ra4 Rc5 35. Rbb4 Na5 36. c4 Kc7 37. Rb5 Rxb5 38. cxb5 Kd7 39. f3 Kc7 40. g3
Kb7 41. h4 Bd8 42. hxg5 hxg5 43. g4 f4 44. Kd3 Kb6 45. Ke4 Be7 46. Kf5 Nb7 47.
Ra6+ Kc7 48. Rc6+ Kd7 49. b6 Nc5 50. Rc7+ Kd8 51. Ra7 Kc8 52. Rxe7 Nd7 53. b7+
Kxb7 54. Rxd7+ Kb6 55. Rxd6+ Kc5 56. Kxe5 1-0